[Event "Stein am Rhein op 5th"]
[Site "Stein am Rhein"]
[Date "2016.01.30"]
[Round "2"]
[White "Martelli, Tommaso"]
[Black "Hasler, Juerg"]
[Result "1/2-1/2"]
[WhiteElo "1941"]
[BlackElo "1880"]
[PlyCount "32"]
[EventDate "2016.01.29"]
[EventType "swiss"]
[EventRounds "5"]
[EventCountry "SUI"]
[SourceTitle "CBM 170 Extra"]
[Source "ChessBase"]
[SourceDate "2016.02.25"]
[SourceVersion "1"]
[SourceVersionDate "2016.02.25"]
[SourceQuality "1"]

1. e4 d6 2. d4 Nf6 3. Nc3 g6 4. Bc4 Bg7 5. Nf3 Nxe4 6. Bxf7+ Kxf7 7. Nxe4 Rf8 8. Bg5 Kg8 9. Qd2 Nd7 10. 0-0-0 Nf6 11. Rde1 Bf5 12. Ng3 Bg4 13. h4 h5 14. Qd3 Qe8 15. Nd2 Qf7 16. Kb1 Rad8 1/2-1/2